LIBRARY & INFORMATION CENTRE, KCAET, TAVANUR

ONLINE PUBLIC ACCESS CATALOGUE (OPAC)

FORTRAN 77 for engineers and scientists / (Record no. 9510)

MARC details
000 -LEADER
fixed length control field 00476cam a2200181ua 4500
020 ## - INTERNATIONAL STANDARD BOOK NUMBER
ISBN 0 02 388631 5
041 ## - LANGUAGE CODE
Language code of text/sound track or separate title eng
082 ## - DEWEY DECIMAL CLASSIFICATION NUMBER
Classification number 005.133
Item number NYH/FO
100 ## - MAIN ENTRY--AUTHOR NAME
Personal name Nyhoff, Larry .
245 ## - TITLE STATEMENT
Title FORTRAN 77 for engineers and scientists /
250 ## - EDITION STATEMENT
Edition statement 2 /
260 ## - PUBLICATION, DISTRIBUTION, ETC. (IMPRINT)
Place of publication Newyork :
Name of publisher Macmillan publishing co. ,
Year of publication 1988.
300 ## - PHYSICAL DESCRIPTION
Number of Pages 590 ; .
700 1# - ADDED ENTRY--PERSONAL NAME
Personal name Leestma, Sanford .
942 ## - ADDED ENTRY ELEMENTS (KOHA)
Koha item type Books
Holdings
Withdrawn status Lost status Damaged status Home library Current library Date acquired Full call number Accession Number Koha item type
      KAUAET KAUAET 07/04/2012 005.133 18089 Books
free website counter